[Event "Reggio Emilia 0001"]
[Site "Reggio Emilia"]
[Date "2001.01.05"]
[Round "7"]
[White "Bellini, Fabio"]
[Black "Naumkin, Igor"]
[Result "1-0"]
[WhiteElo "2484"]
[BlackElo "2440"]
[PlyCount "43"]
[EventDate "2000.12.30"]
[Source "ChessBase"]
[SourceDate "2001.03.20"]

1. e4 e6 2. d4 d5 3. Nc3 Bb4 4. e5 c5 5. dxc5 Nc6 6. Nf3 Bxc5 7. Bd3 a6 8. O-O Nge7 9. a3 Ng6 10. Bxg6 fxg6 11. Bg5 Qd7 12. Be3 Be7 13. Na4 Rb8 14. Nb6 Qc7 15. Rc1 O-O 16. c4 Nxe5 17. cxd5 Nxf3+ 18. Qxf3 Qd8 19. Qg4 Rf5 20. d6 Bxd6 21. Rfd1 Re5 22. Qd4 1-0

[Event "It (Men) Santos BRA"]
[Site "?"]
[Date "2006.05.01"]
[Round "3"]
[White "Mekhitarian Krikor Sevag"]
[Black "Rodriguez Andres"]
[Result "1/2-1/2"]
[WhiteElo "2421"]
[BlackElo "2502"]
[PlyCount "140"]
[EventDate "2006.??.??"]
[Source "www.chesslib.no"]
[SourceDate "2004.05.04"]

1. e4 e6 2. d4 d5 3. Nc3 Bb4 4. e5 c5 5. g3 Bxc3+ 6. bxc3 Nc6 7. Qg4 g6 8. Qd1 Qa5 9. Bd2 Qa4 10. Nf3 Bd7 11. dxc5 Qe4+ 12. Be2 Nxe5 13. O-O Nxf3+ 14. Bxf3 Qc4 15. Rb1 Bc6 16. Rb4 Qxc5 17. Be3 Qe7 18. Bd4 f6 19. Bg4 Kf7 20. Re1 e5 21. f4 e4 22. f5 a5 23. Rb6 Kg7 24. Rf1 Rf8 25. Qd2 Rf7 26. Bh3 Kf8 27. c4 dxc4 28. Qxa5 Kg7 29. Qd2 Qa3 30. c3 Qa5 31. g4 g5 32. Qxg5+ Kf8 33. Qf4 Ne7 34. Bg2 Rg8 35. Rbb1 e3 36. Bxc6 Nxc6 37. Qd6+ Ne7 38. h3 Qd5 39. Qf4 e2 40. Rf2 h5 41. Qh6+ Rgg7 42. Qf4 Kg8 43. Re1 hxg4 44. hxg4 Rxg4+ 45. Qxg4+ Rg7 46. Qxg7+ Kxg7 47. Rexe2 Nxf5 48. Rd2 Qe4 49. Rde2 Qd5 50. Rf4 Nxd4 51. Rxd4 Qc5 52. Rf2 b5 53. Rdf4 Qe5 54. R4f3 Kg6 55. Rg2+ Kf7 56. Rgf2 Ke6 57. Kf1 Qg5 58. Re2+ Kf7 59. Ref2 Qh4 60. Ke2 Ke6 61. Rf4 Qg5 62. Re4+ Kd5 63. Ref4 Ke5 64. Rxf6 Qxf6 65. Rxf6 Kxf6 66. Kf2 Ke5 67. Ke3 Kd5 68. Kd2 Ke4 69. Ke2 Kf4 70. Kf2 Ke4 1/2-1/2

[Event "Capablanca Mem Premier 2"]
[Site "?"]
[Date "2005.05.08"]
[Round "3"]
[White "Fernandez Garcia Jose Luis"]
[Black "Almeida Omar"]
[Result "1/2-1/2"]
[WhiteElo "2468"]
[BlackElo "2452"]
[PlyCount "57"]
[EventDate "2005.??.??"]
[Source "www.chesslib.no"]
[SourceDate "2004.05.04"]

1. e4 e6 2. d4 d5 3. Nc3 Bb4 4. e5 c5 5. Nf3 cxd4 6. Qxd4 Nc6 7. Bb5 Ba5 8. Qg4 Nge7 9. O-O Ng6 10. Bd3 O-O 11. Qh5 Nce7 12. Nb5 f6 13. Nd6 Bc7 14. Nxc8 Rxc8 15. exf6 gxf6 16. Bh6 Rf7 17. Rae1 e5 18. Nh4 e4 19. Be2 Qd6 20. g3 Nxh4 21. Qxh4 Ng6 22. Qh3 f5 23. c3 Qb6 24. Rd1 Rd8 25. Bg5 Rdd7 26. Rd2 Be5 27. Be3 Qf6 28. f4 exf3 29. Bxf3 1/2-1/2

[Event "Olimpiadi 2008 - fem"]
[Site "Dresda GER"]
[Date "2008.11.17"]
[Round "5"]
[White "Hagarova, Z."]
[Black "Zhukova, N."]
[Result "1/2-1/2"]
[WhiteElo "2430"]
[BlackElo "2488"]
[PlyCount "59"]
[EventDate "2008.11.13"]
[Source "www.chesslib.no"]
[SourceDate "2004.05.04"]

1. e4 e6 2. d4 d5 3. Nc3 Bb4 4. e5 c5 5. dxc5 Ne7 6. Nf3 Nd7 7. Bd3 Ng6 8. O-O Bxc5 9. Bg5 Be7 10. Bxe7 Qxe7 11. Re1 a6 12. Bxg6 fxg6 13. Qd4 O-O 14. Qg4 Nb8 15. Ne2 Nc6 16. c3 Bd7 17. Ned4 Rac8 18. Rad1 Na5 19. Re2 b5 20. a3 Nc4 21. h4 a5 22. Kh2 Nb6 23. Rd3 Na4 24. Rde3 Nb6 25. Rd3 Na4 26. Rde3 Nb6 27. Rd3 Na4 28. Rde3 Nb6 29. Rd3 Na4 30. Rde3 1/2-1/2

[Event "Neckar op 6th"]
[Site "Deizisau"]
[Date "2002.03.30"]
[Round "4"]
[White "Aronian, Levon"]
[Black "Gasthofer, Viktor"]
[Result "1-0"]
[WhiteElo "2584"]
[BlackElo "2332"]
[PlyCount "75"]
[EventDate "2002.03.28"]
[Source "ChessBase"]
[SourceDate "2002.05.03"]

1. e4 e6 2. Nc3 d5 3. d4 Bb4 4. e5 c5 5. dxc5 Nc6 6. Nf3 Nge7 7. Bd3 Ng6 8. O-O Bxc5 9. Bg5 Be7 10. Bxe7 Qxe7 11. Qe2 Nf4 12. Qe3 Nxd3 13. cxd3 O-O 14. a3 Bd7 15. Rac1 Rfc8 16. Nd4 Nxd4 17. Qxd4 Qc5 18. Ne2 Qxd4 19. Nxd4 Kf8 20. f4 Ke7 21. Kf2 Rxc1 22. Rxc1 Rc8 23. Re1 h5 24. Ke3 f6 25. Kd2 Kf7 26. h3 f5 27. Ke3 Kg6 28. Rb1 Kh6 29. a4 Kg6 30. a5 Kf7 31. b4 Ke7 32. Kd2 Be8 33. b5 Rc5 34. Rc1 Rxc1 35. Kxc1 b6 36. a6 Bd7 37. Kd2 h4 38. Kc3 1-0

[Event "5. Montenegro Open"]
[Site "?"]
[Date "2004.02.24"]
[Round "7"]
[White "Ardelean George Catalin"]
[Black "Drasko Milan"]
[Result "1/2-1/2"]
[WhiteElo "2447"]
[BlackElo "2467"]
[PlyCount "25"]
[EventDate "2004.??.??"]
[Source "www.chesslib.no"]
[SourceDate "2004.05.04"]

1. e4 e6 2. d4 d5 3. Nc3 Bb4 4. e5 Ne7 5. Bd2 c5 6. a3 Bxc3 7. Bxc3 b6 8. Bb5+ Bd7 9. Bd3 Nbc6 10. Nf3 Qc7 11. O-O c4 12. Be2 O-O 13. b4 1/2-1/2

[Event "TCh-AUT 2003-4"]
[Site "Jenbach"]
[Date "2004.??.??"]
[Round "9.6"]
[White "Zelcic, Robert"]
[Black "Steflitsch, Erich"]
[Result "1/2-1/2"]
[WhiteElo "2524"]
[BlackElo "2388"]
[PlyCount "133"]
[EventDate "2004.01.01"]
[Source "Roberto Alvarez"]
[SourceDate "2004.03.22"]

1. e4 e6 2. d4 d5 3. Nc3 Bb4 4. e5 c5 5. dxc5 Bxc5 6. Qg4 Bf8 7. Nf3 Nc6 8. Bd3 a6 9. O-O Nge7 10. Bg5 h6 11. Bd2 Qc7 12. Rfe1 g6 13. Ne2 Bg7 14. Ng3 Nf5 15. Qf4 Nxg3 16. Qxg3 Bd7 17. b4 Ne7 18. a4 Rc8 19. b5 Nf5 20. Bxf5 exf5 21. bxa6 bxa6 22. Bb4 Be6 23. Nd4 Kd7 24. Rab1 Bf8 25. Bd6 Bxd6 26. exd6 Qxd6 27. Qe3 f4 28. Qd3 Rb8 29. Rbd1 Rhe8 30. Nxe6 Rxe6 31. Rxe6 Qxe6 32. c4 Rb2 33. h3 Qe5 34. Qf3 Ke7 35. cxd5 Rb6 36. Qa3+ Rd6 37. Qd3 Kf6 38. Kf1 Kg7 39. Qc4 h5 40. Qd3 Kf6 41. Qf3 Kg7 42. Kg1 Rf6 43. Qd3 Rd6 44. Qc4 Kf6 45. a5 Kg7 46. h4 Kf6 47. Rd4 Kg7 48. Rd1 Kf6 49. Kf1 Kg7 50. Rd4 Rd8 51. Rd1 Rd6 52. Qd3 Kf6 53. Qb3 Kg7 54. Qf3 Rd8 55. Qd3 Rd6 56. Kg1 Kf6 57. Qc2 Kg7 58. Qc5 Kf6 59. Qc1 Kg7 60. Qd2 Kf6 61. Kf1 Kg7 62. Qd3 Kf6 63. Qc2 Kg7 64. Qc4 Kf6 65. Qd3 Kg7 66. Qd2 Kf6 67. Qd3 1/2-1/2

[Event "London Peace"]
[Site "London ENG"]
[Date "1987.??.??"]
[Round "?"]
[White "Hebden, Mark L"]
[Black "Matamoros Franco, Carlos S"]
[Result "0-1"]
[WhiteElo "2515"]
[BlackElo "2395"]
[PlyCount "129"]
[EventDate "1987.09.??"]
[Source "www.chesslib.no"]
[SourceDate "2004.05.04"]

1. e4 e6 2. d4 d5 3. Nc3 Bb4 4. e5 Ne7 5. Qg4 c5 6. Nf3 cxd4 7. Nxd4 Ng6 8. Bd3 O-O 9. Bxg6 fxg6 10. O-O Be7 11. Nf3 Nc6 12. Re1 Bd7 13. Ne2 Qb6 14. Be3 Qxb2 15. Rab1 Qxc2 16. Rxb7 Bc8 17. Ned4 Nxd4 18. Nxd4 Qc3 19. Rbb1 Qc7 20. Rec1 Qd7 21. Rc6 Qe8 22. h3 Bd7 23. Rxe6 Rb8 24. Rxb8 Qxb8 25. Qd1 Bxe6 26. Nxe6 Re8 27. Qxd5 Kh8 28. Bd4 Bf8 29. Nxf8 Rxf8 30. e6 Qc7 31. g3 Re8 32. a4 h6 33. h4 Kh7 34. h5 gxh5 35. Bc5 Kh8 36. Kf1 h4 37. gxh4 Rd8 38. Qf5 Qc6 39. e7 Re8 40. Qf7 Qxa4 41. f3 Rg8 42. Bf2 a5 43. Kg2 Qe8 44. Qe6 Kh7 45. Qe5 Qg6+ 46. Kh3 a4 47. h5 Qf7 48. Kg4 g6 49. f4 a3 50. Kf3 Re8 51. hxg6+ Qxg6 52. f5 Qh5+ 53. Ke4 a2 54. Qf6 a1=Q 55. Qxa1 Qe2+ 56. Kd5 Qxf2 57. Qf6 Qa2+ 58. Kd6 Qa6+ 59. Ke5 Qa1+ 60. Ke6 Qa2+ 61. Kd7 Rg8 62. Qe6 Qa7+ 63. Kd6 Qb8+ 64. Kd7 Qe8+ 65. Kd6 0-1

[Event "Capablanca Memorial PREMIER II"]
[Site "?"]
[Date "2005.05.18"]
[Round "13"]
[White "Fernandez Garcia Jose Luis"]
[Black "Prasca Rafael"]
[Result "1/2-1/2"]
[WhiteElo "2468"]
[BlackElo "2442"]
[PlyCount "97"]
[EventDate "2005.??.??"]
[Source "www.chesslib.no"]
[SourceDate "2004.05.04"]

1. e4 e6 2. d4 d5 3. Nc3 Bb4 4. e5 c5 5. Nf3 Nc6 6. dxc5 Bxc5 7. Bd3 Nge7 8. O-O Ng6 9. Bg5 Qc7 10. Nb5 Qb6 11. Qe2 a6 12. Nc3 Nd4 13. Nxd4 Bxd4 14. Bxg6 hxg6 15. Nd1 Qc7 16. Re1 Bd7 17. a4 Rh5 18. Bf4 f5 19. Qd2 Bc5 20. Bg5 Kf7 21. h3 d4 22. b4 Bb6 23. a5 Ba7 24. Ra3 Bb5 25. Rg3 Rc8 26. c3 Qd7 27. h4 Rhh8 28. Rh3 Rc7 29. cxd4 Qxd4 30. Qxd4 Bxd4 31. Be3 Rd8 32. Bxd4 Rxd4 33. Rc3 Rcd7 34. Ne3 Rxh4 35. Nc2 Ke7 36. f3 Ba4 37. g3 Rh3 38. Kg2 Rh8 39. Re2 g5 40. Ne3 Bc6 41. g4 f4 42. Nc4 Bb5 43. Rec2 Bxc4 44. Rxc4 Rhd8 45. Kf2 Rd2+ 46. Rxd2 Rxd2+ 47. Ke1 Rd7 48. Rc8 Kf7 49. Ke2 1/2-1/2

[Event "Frunze"]
[Site "Frunze"]
[Date "1983.??.??"]
[Round "?"]
[White "Yurtaev, Leonid"]
[Black "Dolmatov, Sergey"]
[Result "0-1"]
[WhiteElo "2360"]
[BlackElo "2550"]
[PlyCount "82"]
[EventDate "1983.05.??"]
[Source "ChessBase"]

1. e4 e6 2. d4 d5 3. Nc3 Bb4 4. e5 c5 5. dxc5 Ne7 6. Nf3 Nbc6 7. Bd3 Ng6 8. Bxg6 fxg6 9. Be3 O-O 10. O-O b6 11. cxb6 axb6 12. Nb5 Be7 13. Nbd4 Na5 14. Re1 Bd7 15. b3 g5 16. h3 h6 17. a3 Nb7 18. b4 Qe8 19. Qd3 b5 20. Nd2 Bd8 21. N4b3 Bc7 22. Bd4 Rf5 23. Re2 Nd8 24. Bb2 Nc6 25. Rae1 Ne7 26. Nd4 Rf8 27. N2b3 Ng6 28. g3 Bb6 29. Nc5 Bxc5 30. bxc5 Ne7 31. Rb1 Rc8 32. Bc3 Rxc5 33. Bb4 Rc4 34. Bd6 Nf5 35. Nf3 Rf7 36. Rb4 Qc8 37. Rb3 Be8 38. g4 Ne7 39. Nd4 Ng6 40. Qxg6 Rxd4 41. c4 Rd1+ 0-1

[Event "Brighton"]
[Site "Brighton"]
[Date "1982.??.??"]
[Round "?"]
[White "Murray, J."]
[Black "Short, Nigel D"]
[Result "1/2-1/2"]
[WhiteElo "2475"]
[BlackElo "2430"]
[PlyCount "214"]
[EventDate "1982.12.??"]
[Source "ChessBase"]

1. e4 e6 2. d4 d5 3. Nc3 Bb4 4. e5 Ne7 5. Qg4 c5 6. Nf3 Nbc6 7. a3 Bxc3+ 8. bxc3 O-O 9. Bd3 f5 10. exf6 Rxf6 11. Bg5 Rf7 12. Bxe7 Rxe7 13. Qh4 h6 14. O-O cxd4 15. cxd4 Bd7 16. Rfe1 Rc8 17. Re3 Rf7 18. Qg3 Qf6 19. Rae1 a6 20. c3 Rff8 21. h4 Qf7 22. R1e2 Qe8 23. Bg6 Qe7 24. Ng5 Rf6 25. Nh7 Rxg6 26. Qxg6 Qf7 27. Qb1 Qf5 28. Qxb7 Rd8 29. Rf3 Qxh7 30. h5 Kh8 31. Rb2 Qg8 32. Qxa6 Qe8 33. Qb6 Rb8 34. Qc5 Rxb2 35. Rf8+ Kh7 36. Rxe8 Bxe8 37. g4 Kg8 38. Qd6 Kf7 39. f4 Re2 40. a4 Ne7 41. a5 Bb5 42. Qb6 Re1+ 43. Kf2 Rf1+ 44. Ke3 Re1+ 45. Kd2 Re2+ 46. Kd1 Bd3 47. a6 Ra2 48. a7 Be2+ 49. Kc1 Bxg4 50. Qb7 Kf6 51. a8=Q Rxa8 52. Qxa8 Bxh5 53. Qf8+ Bf7 54. Kb2 Nf5 55. Qd8+ Kg6 56. Ka3 Ng3 57. Qb6 Kh7 58. Kb4 g6 59. Qc7 Kg7 60. Qe5+ Kg8 61. Kb5 Be8+ 62. Kb6 Bf7 63. Kc7 Nf5 64. Qf6 Ng3 65. Kd7 Nf5 66. Qe5 Kh7 67. Qc7 Kg8 68. Qc8+ Kg7 69. Qb8 g5 70. Qe5+ Kg6 71. Qe2 gxf4 72. Qg4+ Kf6 73. Qxf4 Kg6 74. Kc6 Be8+ 75. Kc5 Bf7 76. Kb4 Kf6 77. Kb3 Kg6 78. Kc2 Kf6 79. Kd2 Kg6 80. Ke2 Kf6 81. Kf2 Kg6 82. Kf3 Kf6 83. Kg4 Kg6 84. Qc7 Ne3+ 85. Kf3 Nc4 86. Qe7 Kg7 87. Ke2 Kg6 88. Kd3 Nb2+ 89. Kc2 Nc4 90. Qf8 Ne3+ 91. Kb3 Nf5 92. Qb8 Kg5 93. Qc7 Bh5 94. Qd8+ Kf4 95. c4 dxc4+ 96. Kc3 Bf3 97. Qb8+ Kg5 98. Qg8+ Kf6 99. Kxc4 Bd5+ 100. Kd3 h5 101. Kd2 h4 102. Ke1 Ke7 103. Kf2 Kd6 104. Qh8 Kc6 105. Ke2 h3 106. Kd3 Bg2 107. Qd8 Nd6 1/2-1/2

[Event "Coulsden op"]
[Site "Coulsden"]
[Date "1999.09.02"]
[Round "5"]
[White "Murey, Jacob"]
[Black "Webster, Andrew"]
[Result "1-0"]
[WhiteElo "2475"]
[BlackElo "2427"]
[PlyCount "29"]
[EventDate "1999.08.28"]
[Source "www.chesslib.no"]
[SourceDate "2004.05.04"]

1. e4 e6 2. d4 d5 3. Nc3 Bb4 4. e5 Ne7 5. Qg4 c5 6. Nf3 Nbc6 7. a3 Qa5 8. Bd2 Ng6 9. O-O-O cxd4 10. Nxd4 h5 11. Qg3 Bxa3 12. Nb3 Qc7 13. Nb5 Qb8 14. bxa3 Ngxe5 15. Bb4 1-0

[Event "Pyramiden Franken Cup 5th"]
[Site "Fuerth"]
[Date "2002.09.02"]
[Round "3"]
[White "Gullaksen, Eirik T"]
[Black "Efimenko, Zahar"]
[Result "0-1"]
[WhiteElo "2344"]
[BlackElo "2557"]
[PlyCount "80"]
[EventDate "2002.08.31"]
[Source "ChessBase"]
[SourceDate "2002.11.06"]

1. e4 e6 2. d4 d5 3. Nc3 Bb4 4. e5 c5 5. dxc5 Ne7 6. Nf3 Nd7 7. Bd3 Qc7 8. Bf4 Bxc3+ 9. bxc3 Nxc5 10. O-O Bd7 11. Qd2 Rc8 12. Be3 Ne4 13. Bxe4 dxe4 14. Ng5 Bc6 15. Bd4 h6 16. Nh3 O-O 17. Nf4 Nf5 18. Qe2 Rfd8 19. Rfd1 b6 20. Nh5 Ba4 21. Qg4 Bxc2 22. Rd2 Ba4 23. h3 Rxd4 24. cxd4 Qc3 25. Rad1 Bxd1 26. Qxd1 e3 27. fxe3 Qxe3+ 28. Kh2 Rd8 29. Rd3 Rxd4 30. Rxe3 Rxd1 31. Ra3 Rd7 32. Nf4 Kf8 33. Kg1 Nd4 34. Kf2 Nc6 35. Nd3 Rd5 36. Rc3 Nxe5 37. Rc8+ Ke7 38. Nxe5 Rxe5 39. Rc7+ Kf6 40. Rxa7 Ra5 0-1

[Event "Warsaw"]
[Site "Warsaw"]
[Date "1990.??.??"]
[Round "3"]
[White "Tischbierek, Raj"]
[Black "Hansen, Lars Bo"]
[Result "1-0"]
[WhiteElo "2440"]
[BlackElo "2460"]
[PlyCount "97"]
[EventDate "1990.01.??"]
[Source "ChessBase"]

1. e4 e6 2. d4 d5 3. Nc3 Bb4 4. e5 Ne7 5. Qg4 c5 6. dxc5 Nbc6 7. Nf3 Ng6 8. Bd2 O-O 9. Bd3 Bxc5 10. Qh5 Nb4 11. O-O Nxd3 12. cxd3 Be7 13. d4 f6 14. exf6 Bxf6 15. Bg5 Bd7 16. Rad1 Qe8 17. Bxf6 Rxf6 18. Rfe1 Qf8 19. Qg5 Rc8 20. Qe3 Rf5 21. Rc1 Qb4 22. Rc2 Rcf8 23. a3 Qe7 24. Ne2 Qd6 25. Kh1 a6 26. Ng3 Rf4 27. Ne5 Nxe5 28. dxe5 Qe7 29. f3 Qh4 30. Rf1 Bb5 31. Rfc1 R4f7 32. Rd2 h6 33. Rd4 Rf4 34. Rxf4 Rxf4 35. b3 Rf8 36. a4 Bc6 37. Ne2 Qb4 38. Nd4 Qb6 39. a5 Qxa5 40. Nxe6 Re8 41. Nd4 Qb6 42. f4 Bd7 43. h3 h5 44. Re1 Rf8 45. e6 Be8 46. Qe5 Qa5 47. Rc1 Qd2 48. Rc7 Rf6 49. Rc8 1-0

[Event "Berlijn"]
[Site "?"]
[Date "1983.??.??"]
[Round "?"]
[White "Hartmann, Wolfram"]
[Black "Seirawan, Yasser"]
[Result "1-0"]
[WhiteElo "2290"]
[BlackElo "2600"]
[PlyCount "108"]
[EventDate "1983.??.??"]
[Source "www.chesslib.no"]
[SourceDate "2004.05.04"]

1. e4 e6 2. d4 d5 3. Nc3 Bb4 4. e5 Ne7 5. Qg4 c5 6. dxc5 Nbc6 7. Bd2 O-O 8. Nf3 Ng6 9. Bd3 Bxc5 10. Bxg6 fxg6 11. O-O-O Rf5 12. h4 Qe8 13. Qg3 Bd7 14. Rhe1 Rc8 15. Kb1 a6 16. Be3 Bb4 17. Bd2 Qd8 18. Ne2 Bc5 19. Bc3 b5 20. Ned4 b4 21. Nxc6 Rxc6 22. Bd4 Bf8 23. Be3 Rc4 24. Nd4 Rh5 25. Bg5 Qb6 26. Nb3 h6 27. Be3 Qd8 28. Qxg6 Rxe5 29. f4 Rf5 30. g4 Rf6 31. Qd3 Rf7 32. g5 Qe8 33. Nd2 Rc7 34. Nf3 Bb5 35. Qd2 h5 36. Bd4 Rb7 37. Rg1 Rf5 38. g6 a5 39. Ne5 Bd6 40. Rde1 a4 41. Nd3 b3 42. cxb3 axb3 43. a3 Rc7 44. Be5 Rc2 45. Qe3 Be7 46. Nc1 Bxh4 47. Nxb3 Bxe1 48. Kxc2 Bh4 49. Nd4 Ba4+ 50. Kb1 Rf8 51. Qh3 Qe7 52. Rh1 Be8 53. Qxh4 Bxg6+ 54. Ka1 Qf7 1-0

[Event "Sevilla Expo92"]
[Site "Seville ESP"]
[Date "1992.??.??"]
[Round "1"]
[White "Fernandez Garcia, Jose L"]
[Black "Matamoros Franco, Carlos S"]
[Result "1/2-1/2"]
[WhiteElo "2465"]
[BlackElo "2420"]
[PlyCount "34"]
[EventDate "1992.11.??"]
[Source "www.chesslib.no"]
[SourceDate "2004.05.04"]

1. e4 e6 2. d4 d5 3. Nc3 Bb4 4. e5 Ne7 5. Qg4 c5 6. Nf3 cxd4 7. Nxd4 Ng6 8. Bb5+ Bd7 9. O-O O-O 10. Bxd7 Qxd7 11. Nf3 Nc6 12. Qh5 f6 13. exf6 Rxf6 14. Bg5 Rf5 15. Ne2 Qf7 16. Qg4 Bc5 17. Be3 Bxe3 1/2-1/2

[Event "Wichern Open 3rd"]
[Site "Hamburg GER"]
[Date "1995.??.??"]
[Round "9"]
[White "Gallagher, Joseph G"]
[Black "Heyken, Enno"]
[Result "1-0"]
[WhiteElo "2515"]
[BlackElo "2360"]
[PlyCount "45"]
[EventDate "1995.09.??"]
[Source "www.chesslib.no"]
[SourceDate "2004.05.04"]

1. e4 e6 2. d4 d5 3. Nc3 Bb4 4. e5 c5 5. dxc5 Nc6 6. Nf3 f5 7. Bb5 Bxc5 8. O-O a6 9. Bxc6+ bxc6 10. Na4 Ba7 11. c4 dxc4 12. Qxd8+ Kxd8 13. Rd1+ Kc7 14. Bd2 Nh6 15. Ba5+ Kb7 16. h3 Rb8 17. Nd2 Bd4 18. Nxc4 c5 19. Rac1 Nf7 20. Nd6+ Nxd6 21. exd6 Ka8 22. Nb6+ Ka7 23. Nxc8+ 1-0

[Event "6th ch-PriFO Men"]
[Site "Kazan RUS"]
[Date "2008.01.25"]
[Round "3"]
[White "Voitsekhovsky, S."]
[Black "Skomorokhin, R."]
[Result "1/2-1/2"]
[WhiteElo "2493"]
[BlackElo "2378"]
[PlyCount "86"]
[EventDate "2008.01.23"]
[Source "www.chesslib.no"]
[SourceDate "2004.05.04"]

1. e4 e6 2. d4 d5 3. Nc3 Bb4 4. e5 Ne7 5. Qg4 c5 6. Nf3 cxd4 7. Nxd4 Ng6 8. Bb5+ Bd7 9. O-O Be7 10. Bxd7+ Qxd7 11. Nf3 Nc6 12. Re1 O-O 13. Bg5 h6 14. Bf4 Bb4 15. Bg3 Bxc3 16. bxc3 Nce7 17. Rad1 Rac8 18. Rd3 b5 19. h4 Nf5 20. h5 Nge7 21. Nd2 Nxg3 22. fxg3 Qd8 23. Rf1 Qa5 24. Nb3 Qxa2 25. Nd4 Qa6 26. Qf4 Nc6 27. g4 Nxd4 28. cxd4 f6 29. Qe3 fxe5 30. Rxf8+ Rxf8 31. Qxe5 Qc6 32. c3 Qe8 33. Re3 Rf6 34. Qxd5 exd5 35. Rxe8+ Rf8 36. Re7 Ra8 37. Rb7 a5 38. Rxb5 a4 39. Rb2 a3 40. Ra2 Kf7 41. Kf2 Kf6 42. Ke3 Kg5 43. Kf3 Rf8+ 1/2-1/2

[Event "IND-ch"]
[Site "Nagpur"]
[Date "1999.03.23"]
[Round "1"]
[White "Prasad, Devaki V"]
[Black "Neelotpal, Das"]
[Result "1/2-1/2"]
[WhiteElo "2435"]
[BlackElo "2436"]
[PlyCount "56"]
[EventDate "1999.03.23"]
[Source "ChessBase"]
[SourceDate "1999.05.10"]

1. e4 e6 2. d4 d5 3. Nc3 Bb4 4. e5 Ne7 5. Bd2 c5 6. Nb5 Bxd2+ 7. Qxd2 O-O 8. dxc5 Nd7 9. Qc3 Nc6 10. Nf3 b6 11. cxb6 Qxb6 12. a4 a5 13. Bd3 h6 14. O-O Ba6 15. Rfe1 Rab8 16. Qd2 Nc5 17. Bf1 f6 18. exf6 Rxf6 19. b3 Nb4 20. Nbd4 Bxf1 21. Rxf1 Rc8 22. Qe3 Ne4 23. c4 Nd6 24. Ne5 Qa7 25. Rac1 Na2 26. Rcd1 dxc4 27. Ng4 Rg6 28. Ne5 Rf6 1/2-1/2

[Event "HUN-chT 0102"]
[Site "?"]
[Date "2002.03.03"]
[Round "8"]
[White "Palkovi Jozsef"]
[Black "Peter Ambrus"]
[Result "0-1"]
[WhiteElo "2450"]
[BlackElo "2421"]
[PlyCount "77"]
[EventDate "2002.??.??"]
[Source "www.chesslib.no"]
[SourceDate "2004.05.04"]

1. e4 e6 2. d4 d5 3. Nc3 Bb4 4. e5 c5 5. Nf3 Ne7 6. dxc5 Nd7 7. Bd3 Nxc5 8. O-O Bd7 9. Ne2 Nxd3 10. Qxd3 Ng6 11. c3 Be7 12. Ned4 O-O 13. Re1 Rc8 14. g3 Qb6 15. h4 f6 16. exf6 Bxf6 17. h5 Nh8 18. Rb1 Nf7 19. Bf4 Rce8 20. Ne5 Bc8 21. Re2 Qd8 22. Qd2 Nd6 23. Rbe1 Ne4 24. Qe3 Qc7 25. Ndf3 b6 26. g4 Ba6 27. Rc2 Be7 28. Bh2 Bc5 29. Nd4 Bd6 30. Ndf3 Rf6 31. g5 Rf5 32. Ng4 Bxh2+ 33. Ngxh2 Ref8 34. h6 Qf7 35. Qd4 Nxg5 36. Ne5 Qh5 37. f3 Rf4 38. hxg7 R8f7 39. Qa4 0-1

[Event "Najdorf mem op"]
[Site "Buenos Aires"]
[Date "1999.09.23"]
[Round "3"]
[White "Felgaer, Ruben"]
[Black "Giaccio, Alfredo"]
[Result "1/2-1/2"]
[WhiteElo "2364"]
[BlackElo "2505"]
[PlyCount "113"]
[EventDate "1999.09.21"]
[Source "www.chesslib.no"]
[SourceDate "2004.05.04"]

1. e4 e6 2. d4 d5 3. Nc3 Bb4 4. e5 c5 5. dxc5 Nc6 6. Nf3 Nge7 7. Bd3 Bxc5 8. O-O Ng6 9. Bxg6 fxg6 10. Bg5 Qc7 11. Qd2 a6 12. Rad1 h6 13. Be3 Be7 14. Qd3 Kf7 15. Bf4 Qa5 16. h4 Qb4 17. Bg3 Bd7 18. Rfe1 Rad8 19. Nxd5 exd5 20. e6+ Bxe6 21. Rxe6 Bf6 22. Rde1 Qc4 23. Qe3 d4 24. Qe4 Qd5 25. Qxd5 Rxd5 26. R6e2 Rc8 27. a3 Rb5 28. Nd2 Ne7 29. Ne4 Nf5 30. b4 Be7 31. Bf4 Rd5 32. Nd2 g5 33. hxg5 hxg5 34. g4 gxf4 35. gxf5 Rc7 36. Nf3 Bf6 37. Rd1 Rc3 38. Rd3 Rxf5 39. Red2 b5 40. Nxd4 Bxd4 41. Rxd4 Rxa3 42. Rd7+ Kg6 43. R2d6+ Rf6 44. Kg2 Rxd6 45. Rxd6+ Kf5 46. Rc6 g5 47. f3 Ra2 48. Kh3 Ra1 49. Kg2 Ke5 50. c3 Ra2+ 51. Kf1 Rc2 52. Rc5+ Kf6 53. Rc6+ Kf5 54. Kg1 Ke5 55. Rc5+ Kd6 56. Rc8 a5 57. bxa5 1/2-1/2